000 00421nam a2200181Ia 4500
001 13504
005 20260306164806.0
008 260306t2000||||xx |||||||||||||| ||spa||
041 _aESP
082 _a004.6
_bC12
100 _aCaballero, José Manuel
_eAUT
245 0 _aRedes de Banda Ancha
260 _c2000
300 _a252 páginas :
_c23 cm.
650 _aGEN
654 _aCCC
942 _cLIB
_dJUS
_fJUS
_2ddc
_n
999 _c13504
_d13504